| 000 | 00746nam a22002177a 4500 | ||
|---|---|---|---|
| 003 | OSt | ||
| 005 | 20230127090538.0 | ||
| 008 | 220916b |||||||| |||| 00| 0 eng d | ||
| 020 | _a84 8026 261 3 | ||
| 040 | _cBiblioteca Lado V | ||
| 082 |
_a708 _bC352l |
||
| 100 |
_9668 _aCastillo Diaz, Verónica _ecoordinadora |
||
| 245 |
_aLumen/ _bRegina Silveira/ |
||
| 260 |
_aMadrid _bMuseo Nacional Centro de Arte Reina Sofia _c2005 |
||
| 300 |
_c23x24cm _a188p. |
||
| 650 |
_2Tesauro de Arte & Arquitectura _aCATALOGO |
||
| 650 |
_2Tesauro de Arte & Arquitectura _aARTE |
||
| 650 |
_2Tesauro de Arte & Arquitectura _aEXHIBICION |
||
| 700 |
_aVelasco Facio, Hector _eFotógrafo _ecolaborador |
||
| 942 |
_2ddc _c1 _h708 _iC352l _n0 |
||
| 999 |
_c2949 _d2949 |
||